Experiencia en Costa Rica en la transmisión telefónica sobre líneas de alta tensión.

Gespeichert in:
Bibliographische Detailangaben
1. Verfasser: Masís Castillo, Walter
Format: Buch
Veröffentlicht: San José, Costa Rica 1987
Schlagworte:
Tags: Tag hinzufügen
Keine Tags, Fügen Sie den ersten Tag hinzu!

MARC

LEADER 00000nam a2200000Ia 4500
003 004365
005 20221231144348.0
008 140114s1987 cr a m 000 ||s d
040 |c cru CEDI 
090 |a TFG 2018 
100 |a Masís Castillo, Walter  |9 13786 
245 |a Experiencia en Costa Rica en la transmisión telefónica sobre líneas de alta tensión. 
260 |c 1987  |a San José, Costa Rica 
300 |a  56 hojas.  
500 |a Proyecto de graduación (bachillerato en ingeniería eléctrica)--Universidad de Costa Rica. Facultad de Ingeniería. Escuela de Ingeniería Eléctrica 
650 |x LINEAS TELEFONICAS - SISTEMAS DE COMUNICACION   |x SISTEMAS DE TRANSMISION DE DATOS  |9 13787 
942 |c TFG  |2 ddc 
999 |c 20731  |d 20731